Keratoconus Recent Advances in Diagnosis and Treatment /

As a degenerative disorder of the eye, keratoconus can cause substantial distortion of vision, with multiple images, streaking, and sensitivity to light all reported by patients. Keratoconus: Recent Advances in Diagnosis and Treatment updates ophthalmologists about the innovations that have occurred...

Full description

Bibliographic Details
Corporate Author: SpringerLink (Online service)
Other Authors: Alió, Jorge L. (Editor)
Format: Electronic eBook
Language:English
Published: Cham : Springer International Publishing : Imprint: Springer, 2017.
Series:Essentials in Ophthalmology,
Subjects:
Online Access:Full Text via HEAL-Link
LEADER 04765nam a22004335i 4500
001 978-3-319-43881-8
003 DE-He213
005 20161228090912.0
007 cr nn 008mamaa
008 161228s2017 gw | s |||| 0|eng d
020 |a 9783319438818  |9 978-3-319-43881-8 
024 7 |a 10.1007/978-3-319-43881-8  |2 doi 
040 |d GrThAP 
050 4 |a RE1-994 
072 7 |a MJQ  |2 bicssc 
072 7 |a MED063000  |2 bisacsh 
082 0 4 |a 617.7  |2 23 
245 1 0 |a Keratoconus  |h [electronic resource] :  |b Recent Advances in Diagnosis and Treatment /  |c edited by Jorge L. Alió. 
264 1 |a Cham :  |b Springer International Publishing :  |b Imprint: Springer,  |c 2017. 
300 |a XIX, 371 p. 171 illus., 154 illus. in color.  |b online resource. 
336 |a text  |b txt  |2 rdacontent 
337 |a computer  |b c  |2 rdamedia 
338 |a online resource  |b cr  |2 rdacarrier 
347 |a text file  |b PDF  |2 rda 
490 1 |a Essentials in Ophthalmology,  |x 1612-3212 
505 0 |a Part 1: Introduction -- 1 What is Keratoconus? A New Approach to a Not So Rare Disease -- 2 Modern Pathogenesis of Keratoconus: Genomics and Proteomics -- 3 Epidemiology of Keratoconus -- 4 Histopathology (From Keratoconus Pathology to Pathogenesis) -- 5 Keratoconus in Children -- Part 2: Diagnostic Tools in Keratoconus -- 6 Instrumentation for Diagnosis of Keratoconus -- 7 Analyzing Tomographic Corneal Elevation for Detecting Ectasia -- 8 Analyzing Tomographic Thickness for Detecting Corneal Ectatic Diseases -- 9 New Diagnostic Approach of Corneal Topography Maps -- 10 Geometrical Analysis of Corneal Topography -- 11 Early Keratoconus Detection Enhanced by Modern Diagnostic Technology -- 12 Role of Corneal Biomechanics in the Diagnosis and Management of Keratoconus -- 13 Diagnosing Keratoconus Using VHF Digital Ultrasound Epithelial Thickness Profiles -- 14 Brillouin Scanning Microscopy in Keratoconus -- Part 3: The Clinical Profile of Keratoconus -- 15 Keratoconus Grading and Its Therapeutic Implications -- Part 4: Therapeutic Tools in Keratoconus -- 16 Contact Lenses for Keratoconus -- 17 Intracorneal Ring Segments: Types, Indications and Outcomes -- 18 Intracorneal Ring Segments: Complications -- 19 Corneal Collagen Cross-Linking for Corneal Ectasias -- 20 Complications of Corneal Collagen Cross-Linking -- 21 Pediatric Corneal Cross-Linking -- 22 Carbon Nanomaterials: An Upcoming Therapy for Corneal Biomechanic Enhancement -- Part 5. Surgery of Keratoconus -- 23 Surgical Correction of Keratoconus: Different Modalities of Keratoplasty and Their Clinical Outcomes -- 24 The Use of Femtosecond Laser and Corneal Welding in the Surgery of Keratoconus -- Part 6. Refractive Surgery in Keratoconus -- 25 Refractive Surgery in Keratoconus -- 26 Excimer Laser Ablation in Keratoconus Treatment: Sequential High Definition-Guided PRK after CXL -- 27 Iris-Supported Phakic IOLs Implantation in Patients with Keratoconus -- 28 Toric Implantable Collamer Lens for Correction of Myopia and Astigmatism in Keratoconus -- 29 Cataract Surgery in the Patient with Keratoconus -- 30 Adjourn: A Glance at the Future of Keratoconus. 
520 |a As a degenerative disorder of the eye, keratoconus can cause substantial distortion of vision, with multiple images, streaking, and sensitivity to light all reported by patients. Keratoconus: Recent Advances in Diagnosis and Treatment updates ophthalmologists about the innovations that have occurred within the last decade, discussing the diagnostic imaging techniques that have been developed for keratoconus diagnosis, understanding of how examination techniques are related to the evolution of keratoconus, and how to indicate the different therapeutic tools that have been created for keratoconus over the last several years. Additionally, fundamentals for new diagnostic elements, based on the mathematical, physical and biomechanical data are analyzed in depth for a better understanding of the essential diagnostic steps for the clinician to guide patients towards the most adequate therapeutic tool in the case. Modern keratoplasty techniques, assisted by femtosecond lasers or other devices, are also covered and these techniques, along with the emerging conservative treatments, have added to more precise control of the evolution of the disease. 
650 0 |a Medicine. 
650 0 |a Ophthalmology. 
650 1 4 |a Medicine & Public Health. 
650 2 4 |a Ophthalmology. 
700 1 |a Alió, Jorge L.  |e editor. 
710 2 |a SpringerLink (Online service) 
773 0 |t Springer eBooks 
776 0 8 |i Printed edition:  |z 9783319438795 
830 0 |a Essentials in Ophthalmology,  |x 1612-3212 
856 4 0 |u http://dx.doi.org/10.1007/978-3-319-43881-8  |z Full Text via HEAL-Link 
912 |a ZDB-2-SME 
950 |a Medicine (Springer-11650)